Normal view
MARC view
Entry Personal Name
001 - CONTROL NUMBER
- control field: 44922
003 - CONTROL NUMBER IDENTIFIER
- control field: dpl
005 - DATE AND TIME OF LATEST TRANSACTION
- control field: 20120410145615.0
008 - FIXED-LENGTH DATA ELEMENTS
- fixed length control field: 120410|||a|||||| | ||| d
040 ## - CATALOGING SOURCE
- Original cataloging agency: dpl
- Transcribing agency: dpl
100 ## - HEADING--PERSONAL NAME
- Personal name: खन्ना, संतोष
670 ## - SOURCE DATA FOUND
- Source citation: Work cat.: (dpl)64812: खन्ना, संतोष, भारतीय संविधानः अनुचिंतन के नये क्षितिज /, 1999
670 ## - SOURCE DATA FOUND
- Source citation: Work cat.: (dpl)64812: खन्ना, संतोष, भारतीय संविधानः अनुचिंतन के नये क्षितिज /, 1999
